LEADER 04974nam 2200625Ia 450 001 9910463472903321 005 20210624032919.0 010 $a3-11-089879-9 024 7 $a10.1515/9783110898798 035 $a(CKB)3360000000338654 035 $a(EBL)938803 035 $a(OCoLC)811407702 035 $a(SSID)ssj0000719873 035 $a(PQKBManifestationID)11412637 035 $a(PQKBTitleCode)TC0000719873 035 $a(PQKBWorkID)10660254 035 $a(PQKB)10828405 035 $a(MiAaPQ)EBC938803 035 $a(DE-B1597)56852 035 $a(OCoLC)840436463 035 $a(OCoLC)948656412 035 $a(DE-B1597)9783110898798 035 $a(Au-PeEL)EBL938803 035 $a(CaPaEBR)ebr10597681 035 $a(EXLCZ)993360000000338654 100 $a20080114d2007 uy 0 101 0 $aeng 135 $aurnn#---|u||u 181 $ctxt 182 $cc 183 $acr 200 00$aAction in context$b[electronic resource] /$fedited by Anton Leist 210 $aBerlin ;$aNew York $cWalter de Gruyter$dc2007 215 $a1 online resource (404 p.) 300 $aDescription based upon print version of record. 311 0 $a3-11-018893-7 320 $aIncludes bibliographical references and indexes. 327 $tFront matter --$tContents --$tIntroduction: Through Contexts to Actions /$rLeist, Anton --$tThought and Action /$rHacker, P. M. S. --$tI. Acting for Reasons --$tReasons for Action and Psychological States /$rStoutland, Frederick --$tReasons for Action without Metaphysics? /$rSchmidt, Thomas --$tThe Causalist/Anti-causalist Debate in the Theory of Action: What It Is and Why It Matters /$rAlvarez, Maria --$tIn Defence of Causalism /$rHuebl, Philipp --$tTwo Ways to Understand Causality in Agency /$rStout, Rowland --$tOn the Importance of Reconciling Two Models of Causality in Agency /$rBishop, John --$tActions, Habits, and Practices /$rLekan, Todd --$tThe Reach of Habit /$rAnwander, Norbert --$tII. Action, Persons and Life --$tWhat Good is a Will? /$rVelleman, J. David --$tOn the Ways and Uses of Intending: Lessons from Velleman's Bratman Critique /$rRoughley, Neil --$tPersonal Identity and Agency: Towards Analytical Personalism /$rCuypers, Stefaan E. --$tLooking for the Real Enemy /$rSlors, Marc --$tThe Units of Living /$rBittner, Rüdiger --$tMaking Sense of Ourselves /$rBaumann, Holger --$tIII. Action and Epistemology --$tKnowledge in Action /$rHornsby, Jennifer --$tA Seeming Solution to a Seeming Puzzle in Explaining Action /$rSaporiti, Katia --$tCognition and Action /$rLeist, Anton --$tNotes on Distinctions /$rSchulte, Joachim --$tAction and Inquiry /$rHookway, Christopher --$tKnowledgeable Inquiry /$rHetherington, Stephen --$tName Index --$tSubject Index 330 $aDas Buch beleuchtet den Begriff der Handlung in drei unterschiedlichen Kontexten: im Kontext der Rechtfertigung von Handlungen, der Lebensgeschichte von Personen und des Pragmatismus. Eine solche umfassende Betrachtung, die eine Abkehr von der atomistischen Herangehensweise der Handlungstheorie und die Besonderheit dieses Bandes darstellt, wirft eine Reihe von Fragen auf: Wenn Handlungen nicht durch mentale Zustände gerechtfertigt werden, wie können Personen dann aus Gründen handeln? Wie sind zeitlich ausgedehnte Aktivitäten von Personen zu beschreiben, und welcher Zusammenhang besteht zur Frage nach personaler Identität? Muss für ein einheitliches Verständnis von Personen das Praktische Vorrang vor dem Theoretischen haben, und was heißt dies z. B. für die Erkenntnistheorie? Mit diesen und anderen Fragen setzen sich die zehn Beitragenden in den drei Sektionen des Buches auf instruktive Weise auseinander. 330 $aThe book illustrates the concept of action in three different contexts - the justification of actions, people's life history, and pragmatism. The special feature of this book is that a comprehensive view of this kind marks a departure from the atomistic approach of action theory, which in itself raises a number of questions. If actions are not justified by mental states, how can persons then act for reasons? How can persons' actions over time be described, and what is the connection with the question of personal identity? If there is to be a unified understanding of the person, does the practical have to take precedence over the theoretical, and what does this mean for epistemology, for example? The ten contributors to this volume engage in an instructive manner with these and similar questions in the three sections of the book. 606 $aAct (Philosophy) 606 $aPhilosophy 608 $aElectronic books. 615 0$aAct (Philosophy) 615 0$aPhilosophy. 676 $a128.4 686 $aCC 6960$2rvk 701 $aLeist$b Anton$f1947-$0733675 801 0$bMiAaPQ 801 1$bMiAaPQ 801 2$bMiAaPQ 906 $aBOOK 912 $a9910463472903321 996 $aAction in context$92462679 997 $aUNINA LEADER 06130 am 22009133u 450 001 9910164342303321 005 20230126221044.0 010 $a3-319-27006-0 024 7 $a10.1007/978-3-319-27006-7 035 $a(CKB)3710000000627465 035 $a(SSID)ssj0001656841 035 $a(PQKBManifestationID)16441621 035 $a(PQKBTitleCode)TC0001656841 035 $a(PQKBWorkID)14985524 035 $a(PQKB)11572096 035 $a(DE-He213)978-3-319-27006-7 035 $a(MiAaPQ)EBC5587786 035 $a(Au-PeEL)EBL5587786 035 $a(OCoLC)1066185426 035 $a(MiAaPQ)EBC6422670 035 $a(Au-PeEL)EBL6422670 035 $a(OCoLC)1082985479 035 $a(oapen)https://directory.doabooks.org/handle/20.500.12854/39324 035 $a(PPN)19277350X 035 $a(EXLCZ)993710000000627465 100 $a20160321d2016 u| 0 101 0 $aeng 135 $aurnn|008mamaa 181 $ctxt 182 $cc 183 $acr 200 10$aEnvironmental Governance of the Baltic Sea$b[electronic resource] /$fedited by Michael Gilek, Mikael Karlsson, Sebastian Linke, Katarzyna Smolarz 205 $a1st ed. 2016. 210 $aCham$cSpringer Nature$d2016 210 1$aCham :$cSpringer International Publishing :$cImprint: Springer,$d2016. 215 $a1 online resource (XIX, 253 p. 10 illus., 3 illus. in color.) 225 1 $aMARE Publication Series,$x2212-6260 ;$v10 300 $aBibliographic Level Mode of Issuance: Monograph 311 $a3-319-27005-2 327 $aChapter 1. Environmental Governance of the Baltic Sea: Identifying Key Challenges Research Topics and Analytical Approaches. Part 1: Interdisciplinary Case Studies of Environmental Governance -- Chapter 2. Eutrophication and the Ecosystem Approach to Management: A Case Study of Baltic Sea Environmental Governance -- Chapter 3. Fisheries: A Case Study of Baltic Sea Environmental Governance -- Chapter 4. Biological Invasions: a Case Study of Baltic Sea Environmental Governance -- Chapter 5. Governance of Chemicals in the Baltic Sea Region: A Study of Three Generations of Hazardous Substances -- Chapter 6. Oil Spills from Shipping: A Case Study of the Governance of Accidental Hazards and Intentional Pollution in the Baltic Sea -- Part 2: Cross-Case Analysis of Key Environmental Governance Challenges -- Chapter 7. The Ecosystem Approach to Management in Baltic Sea Governance: Towards Increased Reflexivity? -- Chapter 8. Science-Policy Interfaces in Baltic Sea Environmental Governance: Towards Regional Cooperation and Management of Uncertainty? -- Chapter 9. Risk Communication and the Role of the Public: Towards Inclusive Environmental Governance of the Baltic Sea? -- Chapter 10. Seeking Pathways Towards Improved Environmental Governance of the Baltic Sea. 330 $aThis edited volume presents a comprehensive and coherent interdisciplinary analysis of challenges and possibilities for sustainable governance of the Baltic Sea ecosystem by combining knowledge and approaches from natural and social sciences. Focusing on the Ecosystem Approach to Management (EAM) and associated multi-level, multi-sector and multi-actor challenges, the book provides up-to-date descriptions and analyses of environmental governance structures and processes at the macro-regional Baltic Sea level. Organised in two parts, Part 1 presents in-depth case studies of environmental governance practices and challenges linked to five key environmental problems - eutrophication, chemical pollution, overfishing, oil discharges and invasive species. Part 2 analyses and compares governance challenges and opportunities across the five case studies, focusing on governance structures and EAM implementation, knowledge integration and science support, as well as stakeholder communication and participation. Based on these cross-case comparisons, this book also draws a set of general conclusions on possible ways of improving the governance of the Baltic Sea by promoting what are identified as vital functions of environmental governance: coordination, integration, interdisciplinarity, precaution, deliberation, communication and adaptability. . 410 0$aMARE Publication Series,$x2212-6260 ;$v10 606 $aEnvironmental management 606 $aPolitical science 606 $aMarine sciences 606 $aFreshwater 606 $aWildlife 606 $aFish 606 $aEnvironmental Management$3https://scigraph.springernature.com/ontologies/product-market-codes/U17009 606 $aPolitical Science$3https://scigraph.springernature.com/ontologies/product-market-codes/911000 606 $aWater Policy/Water Governance/Water Management$3https://scigraph.springernature.com/ontologies/product-market-codes/215000 606 $aMarine & Freshwater Sciences$3https://scigraph.springernature.com/ontologies/product-market-codes/U36000 606 $aFish & Wildlife Biology & Management$3https://scigraph.springernature.com/ontologies/product-market-codes/L25080 610 $aEnvironmental Management 610 $aWater Policy 615 0$aEnvironmental management. 615 0$aPolitical science. 615 0$aMarine sciences. 615 0$aFreshwater. 615 0$aWildlife. 615 0$aFish. 615 14$aEnvironmental Management. 615 24$aPolitical Science. 615 24$aWater Policy/Water Governance/Water Management. 615 24$aMarine & Freshwater Sciences. 615 24$aFish & Wildlife Biology & Management. 676 $a333.7 700 $aGilek$b Michael$4edt$01356461 702 $aGilek$b Michael$4edt$4http://id.loc.gov/vocabulary/relators/edt 702 $aKarlsson$b Mikael$4edt$4http://id.loc.gov/vocabulary/relators/edt 702 $aLinke$b Sebastian$4edt$4http://id.loc.gov/vocabulary/relators/edt 702 $aSmolarz$b Katarzyna$4edt$4http://id.loc.gov/vocabulary/relators/edt 801 0$bMiAaPQ 801 1$bMiAaPQ 801 2$bMiAaPQ 906 $aBOOK 912 $a9910164342303321 996 $aEnvironmental Governance of the Baltic Sea$93361030 997 $aUNINA LEADER 01148nam a2200289 i 4500 001 991002299529707536 008 131015s2013 it b 000 0 ita d 020 $a9788883170713 035 $ab14152356-39ule_inst 040 $aDip.to Studi Umanistici - Sez. Filologia Classica e Sc. Filosofiche$bita 041 1 $aita$alat$hlat 082 0 $a875 100 1 $aQuintilianus, Marcus Fabius $0171261 240 10$aDeclamationes maiores$925372 245 12$aL'astrologo :$b(Declamazioni maggiori, 4) /$c[Quintiliano] ; Antonio Stramaglia 260 $a Cassino :$bEdizioni Università di Cassino,$c2013 300 $a251 p. ;$c24 cm 440 0$aEdizioni Università di Cassino.$pCollana di studi umanistici ;$v4 504 $aBibliografia: p. 211-243 546 $aTesto latino a fronte 700 1 $aStramaglia, Antonio 907 $a.b14152356$b02-04-14$c15-10-13 912 $a991002299529707536 945 $aLE007 870.1 Quintilianus 2013-02$g1$i2007000245033$lle007$og$pE30.00$q-$rl$s- $t0$u0$v0$w0$x0$y.i1553974x$z15-10-13 996 $aDeclamationes$925372 997 $aUNISALENTO 998 $ale007$b15-10-13$cm$da $e-$fita$git $h2$i0